Estudio económico de América Latina y el Caribe: tres décadas de crecimiento desigual e inestable

Uloženo v:
Podrobná bibliografie
Korporativní autor: CEPAL (Autor)
Médium: Kniha
Jazyk:španělština
Vydáno: Santiago CEPAL 2013
Témata:
Tagy: Přidat tag
Žádné tagy, Buďte první, kdo vytvoří štítek k tomuto záznamu!

MARC

LEADER 00000cam a2200000 a 4500
001 UCF9814
003 CL-VaPUC
008 131213e20130000cl |||||||||||||||||spa|d
020 |a 9789212211121 
082 0 4 |a 330.98  |b CEP  |2 21 
110 2 |a CEPAL  |e author  |9 572240 
245 1 0 |a Estudio económico de América Latina y el Caribe: tres décadas de crecimiento desigual e inestable 
300 |a 216 p 
942 |c BK 
945 |d 20131213 11:12:00  |a dcastane 
260 |a Santiago  |b CEPAL  |c 2013 
650 0 |a Desarrollo económico y social   |9 256320 
650 0 |a Macroeconomía   |9 260301 
650 0 |a Política económica   |9 255029 
650 0 |a Desigualdad   |9 523161 
583 |a last modification  |c 20131213 11:12:00  |k Rodrigo Vera 
999 |c 354224  |d 354222 
952 |0 0  |1 0  |3 erb  |4 0  |6 330_980000000000000_CEP_2013  |7 0  |8 A  |9 459931  |a BIBGIM  |b BIBGIM  |i 5027799  |o 330.98 CEP 2013  |p 5027799  |r 2025-01-15  |w 2019-11-23  |y BK  |z Catalogado en:20131213  |k GIM 
952 |0 0  |1 0  |3 erb  |4 0  |6 330_980000000000000_CEP_2013  |7 0  |8 A  |9 459932  |a BIBGIM  |b BIBGIM  |i 4982347  |o 330.98 CEP 2013  |p 4982347  |r 2025-01-15  |w 2019-11-23  |y BK  |z Catalogado en:20131213  |k GIM